House with a view : residential mountain architecture

Saved in:
Bibliographic Details
Main Author: Jodidio, Philip (Author)
Format: Book
Language:English
French
Published: Mulgrave : Images Publishing Group, 2008
Subjects:
Tags: Add Tag
No Tags, Be the first to tag this record!

MARC

LEADER 00000nam a22000003a 4500
001 stu221170
005 20150617230119.3
008 110214s2008----at------------------eng-d
020 |a 9781864701968 
040 |a STU  |b slo 
041 0 |a eng  |a fre 
044 |a at 
100 1 |a Jodidio, Philip  |4 aut 
245 1 |a House with a view :  |b residential mountain architecture 
260 |a Mulgrave :  |b Images Publishing Group,  |c 2008 
300 |a 280 s 
650 7 |a domy rodinné  |2 stusub 
650 7 |a sídla letné  |2 stusub 
650 7 |a hillside architecture  |2 estusub 
996 |b 284AU04748  |c A*7314 U  |l AAKNAR  |s A  |a 24  |w stu221170_0001